The Complete Plays of Jean Racine : Volume 1: The Fratricides /
"An English translation, in iambic pentameter couplets, of The Fratricides, a play by seventeenth-century French playwright Jean Racine"--Provided by publisher.
| Clasificación: | Libro Electrónico |
|---|---|
| Autor principal: | |
| Otros Autores: | |
| Formato: | Electrónico eBook |
| Idioma: | Inglés Francés |
| Publicado: |
University Park, Pa. :
Pennsylvania State University Press,
2010-
|
| Colección: | Book collections on Project MUSE.
|
| Temas: | |
| Acceso en línea: | Texto completo |
MARC
| LEADER | 00000cam a22000004a 4500 | ||
|---|---|---|---|
| 001 | musev2_1672 | ||
| 003 | MdBmJHUP | ||
| 005 | 20230905040235.0 | ||
| 006 | m o d | ||
| 007 | cr||||||||nn|n | ||
| 008 | 100419m20109999pau o 00 0 eng d | ||
| 010 | |z 2010014681 | ||
| 020 | |a 9780271073774 | ||
| 035 | |a (OCoLC)763016300 | ||
| 040 | |a MdBmJHUP |c MdBmJHUP | ||
| 041 | 1 | |a eng |h fre | |
| 050 | 0 | 4 | |a PQ1888.E5 |b A74 2010 |
| 082 | 0 | |a 842/.4 |2 22 | |
| 100 | 1 | |a Racine, Jean, |d 1639-1699. | |
| 240 | 1 | 0 | |a Plays. |l English |
| 245 | 1 | 4 | |a The Complete Plays of Jean Racine : |b Volume 1: The Fratricides / |c translated into English rhymed couplets with critical notes and commentary by Geoffrey Alan Argent. |
| 264 | 1 | |a University Park, Pa. : |b Pennsylvania State University Press, |c 2010- | |
| 264 | 3 | |a Baltimore, Md. : |b Project MUSE, |c 2012 | |
| 264 | 4 | |c ©2010- | |
| 300 | |a 1 online resource (184 pages). | ||
| 336 | |a text |b txt |2 rdacontent | ||
| 337 | |a computer |b c |2 rdamedia | ||
| 338 | |a online resource |b cr |2 rdacarrier | ||
| 504 | |a Includes bibliographical references. | ||
| 505 | 0 | |a v. 1. The fratricides -- v. 2. Bajazet. | |
| 520 | |a "An English translation, in iambic pentameter couplets, of The Fratricides, a play by seventeenth-century French playwright Jean Racine"--Provided by publisher. | ||
| 588 | |a Description based on print version record. | ||
| 600 | 1 | 0 | |a Racine, Jean, |d 1639-1699 |x Criticism and interpretation. |
| 600 | 1 | 0 | |a Racine, Jean, |d 1639-1699 |v Translations into English. |
| 655 | 7 | |a Electronic books. |2 local | |
| 700 | 1 | |a Argent, Geoffrey Alan. | |
| 710 | 2 | |a Project Muse. |e distributor | |
| 830 | 0 | |a Book collections on Project MUSE. | |
| 856 | 4 | 0 | |z Texto completo |u https://projectmuse.uam.elogim.com/book/1672/ |
| 945 | |a Project MUSE - Custom Collection | ||
| 945 | |a Project MUSE - 2010 Literature | ||
| 945 | |a Project MUSE - 2010 Complete | ||


